Julie and the Phantoms - Now or Never lyrics - Statistics

General Stats
  • This quiz has been taken 663 times
    656 since last reset
  • The average score is 158 of 248
Answer Stats
Lyrics % Correct
no
93%
No
93%
we
90%
We
90%
I
89%
now
88%
the
88%
a
87%
of
87%
to
85%
never
83%
don't
82%
Don't
82%
or
81%
stop
81%
Take
81%
for
80%
off
80%
down
78%
Last
78%
Hear
75%
it
75%
move
74%
And
73%
and
73%
Were
73%
we're
73%
were
73%
We're
73%
charge
72%
Electric
72%
all
71%
Clocks
71%
Full
71%
'Cause
70%
look
70%
Up
70%
up
70%
heart
69%
it's
69%
It's
69%
til
69%
Til
69%
blast
68%
like
68%
right
68%
top
68%
Face
66%
first
66%
hammer
66%
on
66%
our
66%
still
65%
rising
64%
climbing
63%
even
63%
ground
63%
if
63%
time
63%
Hit
62%
But
61%
live
61%
my
61%
In
60%
in
60%
get
59%
forward
58%
life
58%
open
58%
dreaming
57%
faster
57%
Countdown
56%
forever
55%
older
54%
We'll
51%
we'll
51%
fly
50%
best
48%
stars
48%
Won't
47%
Living
45%
paradise
45%
after
44%
black
44%
got
44%
is
44%
can't
43%
days
43%
Keep
43%
white
43%
collided
42%
tomorrow
41%
Those
40%
When
40%
behind
39%
fell
39%
this
39%
today
39%
head
38%
Kept
38%
keys
38%
times
38%
just
37%
out
36%
searching
36%
need
34%
One
34%
rain
33%
that's
33%
voice
33%
yeah
33%
ain't
32%
forget
32%
noise
32%
shades
32%
been
31%
singing
31%
running
30%
veins
30%
regrets
29%
revolution
28%
through
28%
feeling
27%
felt
27%
calling
26%
breath
25%
Catch
25%
catch
25%
No matching quizzes found
Score Distribution
Percent of People with Each Score
Percentile by Number Answered
Your Score History
You have not taken this quiz since the last reset